000 00828nab a2200241 u 4500
001 15281
003 HDC
007 cr bn ---aaaaa
008 210218c xx dr|noo 0 a may d
040 _aHDC
245 0 _aSyarikat Jepun, Dkay Ventures meterai perjanjian bagi hasilkan dumpling halal
260 _a[No place] :
_b[publisher not identified],
_c[no date]
336 _atext
_2rdacontent
337 _acomputer
_2rdamedia
338 _aonline resource
_2rdacarrier
650 _aHalal food industry
_zMalaysia
_9218
650 _aRestaurants
_92152
710 _aPress Reader
856 _zRequest full-text at [email protected]
942 _2lcc
942 _cNEWS
942 _kNWSO 004201
999 _c12597
_d12597